| 000 | 00643cam a22002291i 4500 | ||
|---|---|---|---|
| 001 | he 66001913 | ||
| 003 | DLC | ||
| 005 | 20260227111442.0 | ||
| 008 | 861006s1966 is 000 0 yid | ||
| 010 | _ahe 66001913 | ||
| 035 | _a(OCoLC)19310557 | ||
| 040 |
_aDLC _cMH _dDLC |
||
| 042 | _apremarc | ||
| 050 | 0 | 0 |
_aPJ5129.S58 _bI5 |
| 100 | 2 | _aSlucka-Kestin, Chawa. | |
| 245 | 1 | 0 |
_aIn undzere ṭeg : _bdertsey lungen, miniaṭurn un sḳitsn. |
| 260 |
_a[Tel-Aviv] : _b[Farlag Meyer], _c[1966] |
||
| 300 |
_a374 p. : _bill., port. ; _c22 cm. |
||
| 500 | _aAdded t.p.: In our days. | ||
| 740 | 0 | _aIn our days. | |
| 752 |
_aIsrael _dTel Aviv |
||
| 999 |
_c32029 _d32029 |
||